Kraje które wygrały Mistrzostwa Europy w piłce nożnej mężczyzn - Statystyki

Ogólne statystyki
  • Ten quiz został rozwiązany 50 razy
  • Średni wynik to 16 z 17
Statystyki odpowiedzi
Rok zdobycia Reprezentacja % Poprawnych
1984 Francja
100%
2000 Francja
100%
1964 Hiszpania
98%
2008 Hiszpania
98%
2012 Hiszpania
98%
2024 Hiszpania
98%
1968 Włochy
98%
2020 Włochy
98%
1972 Niemcy
96%
1980 Niemcy
96%
1996 Niemcy
96%
2004 Grecja
93%
2016 Portugalia
93%
1988 Holandia
85%
1960 Związek Radziecki (ZSRR)
78%
1992 Dania
76%
1976 Czechosłowacja
63%
Nie znaleziono quizów pasujących do podanych kryteriów
Rozkład punktacji
Procent ludzi z każdym wynikiem
Percentyl według liczby udzielonych odpowiedzi
Twoja historia wyników
Nie rozwiązałeś tego quizu